000
00376nam a22001577a 4500
003
MPLRDC
005
20220104124754.0
008
210129b ||||| |||| 00| 0 eng d
082
_a
857.9 JY-12 v.2 c.3
100
_a
金庸著
245
_a
鹿鼎记. 二
_c
260
_a
_b
明河出版社
_c
300
_b
平
650
_a
武侠小说
942
_c
BK
_o
857.9 JY-12 v.2 c.3
999
_c
22024
_d
22014